000 00472nam a2200145 4500
999 _c1430
_d1430
008 200123b ||||| |||| 00| 0 eng d
082 0 0 _a621.3
_bT398
100 _940
_aTheraja, B. L.
245 1 0 _aA Text -book of Electrical technology in S.I. system of units /
_cby B. L. Theraja
250 _a20th ed.
260 _aNew Delhi
_bPublication Division of Nirja Construction and Development
_c1984
300 _a1604 p.
650 0 _aElectrical Engineering
942 _2ddc
_cBK